[Event "XtraCon-Skakligaen"]
[Site "Denmark"]
[Date "2008.11.01"]
[Round "1.8"]
[White "Hagen, Andreas Skytte"]
[Black "Jensen, Ib"]
[Result "1-0"]
[WhiteElo "2260"]
[BlackElo "1938"]
[PlyCount "81"]
[EventDate "2008.11.01"]
[EventType "team-tourn"]
[EventRounds "9"]
[EventCountry "DEN"]
[WhiteTeam "Aarhus/Skolerne"]
[BlackTeam "Helsingor"]
[WhiteTeamCountry "DEN"]
[BlackTeamCountry "DEN"]

1. c4 Nc6 2. g3 Nf6 3. Bg2 d5 4. cxd5 Nxd5 5. Nf3 e5 6. O-O Bd6 7. Nc3 Nxc3 8.
bxc3 O-O 9. d3 Bg4 10. Rb1 Rb8 11. Qa4 Qd7 12. Re1 Rfd8 13. Be3 b6 14. Ng5 Na5
15. Qc2 Nb7 16. Ne4 Bf5 17. c4 Qe7 18. h3 Bc5 19. Nxc5 Nxc5 20. Qc3 Nd7 21. f4
f6 22. a4 h5 23. Kh2 Kh8 24. a5 Nf8 25. fxe5 Qxe5 26. Qxe5 fxe5 27. Rb5 Re8 28.
Ra1 Bd7 29. Rb2 Ne6 30. axb6 axb6 31. Ra7 Bc8 32. c5 Nd4 33. Rxc7 Ba6 34. Ra7
bxc5 35. Rxb8 Rxb8 36. Bxd4 exd4 37. Rxa6 Rb2 38. Ra8+ Kh7 39. Bf3 c4 40. dxc4
Kh6 41. Rd8 1-0

[Event "XtraCon-Skakligaen"]
[Site "Denmark"]
[Date "2008.11.01"]
[Round "1.1"]
[White "Hillarp Persson, Tiger"]
[Black "Pedersen, Nicolai Vesterbaek"]
[Result "0-1"]
[WhiteElo "2543"]
[BlackElo "2443"]
[PlyCount "68"]
[EventDate "2008.11.01"]
[EventType "team-tourn"]
[EventRounds "9"]
[EventCountry "DEN"]
[WhiteTeam "Bronshoj"]
[BlackTeam "Aalborg"]
[WhiteTeamCountry "DEN"]
[BlackTeamCountry "DEN"]

1. e4 e5 2. Nf3 Nc6 3. Bb5 a6 4. Ba4 Nf6 5. O-O Be7 6. Re1 b5 7. Bb3 O-O 8. a4
b4 9. d3 d6 10. Nbd2 Na5 11. Ba2 c5 12. c3 bxc3 13. bxc3 Be6 14. Bxe6 fxe6 15.
d4 exd4 16. cxd4 c4 17. Qc2 Nh5 18. d5 Nf4 19. dxe6 Qc8 20. Qc3 Qc5 21. Bb2 Rf6
22. e5 Rg6 23. Ne4 Qb6 24. exd6 Bxd6 25. Qd4 Qxd4 26. Nxd4 Nxg2 27. Rec1 Bf4
28. Ng3 Bxc1 29. Rxc1 Nf4 30. e7 Re8 31. Ba3 Nc6 32. Nxc6 Rxc6 33. Rd1 c3 34.
Nf5 c2 0-1

[Event "XtraCon-Skakligaen"]
[Site "Denmark"]
[Date "2008.11.01"]
[Round "1.2"]
[White "Pedersen, Erik"]
[Black "Hoi, Carsten"]
[Result "1/2-1/2"]
[WhiteElo "2417"]
[BlackElo "2371"]
[PlyCount "22"]
[EventDate "2008.11.01"]
[EventType "team-tourn"]
[EventRounds "9"]
[EventCountry "DEN"]
[WhiteTeam "Aalborg"]
[BlackTeam "Bronshoj"]
[WhiteTeamCountry "DEN"]
[BlackTeamCountry "DEN"]

1. d4 Nf6 2. Nf3 g6 3. Nc3 Bg7 4. e4 d6 5. Be3 O-O 6. Qd2 c6 7. Bd3 Bg4 8. Nh4
e5 9. dxe5 dxe5 10. h3 Be6 11. Nf3 Nbd7 1/2-1/2

[Event "XtraCon-Skakligaen"]
[Site "Denmark"]
[Date "2008.11.01"]
[Round "1.3"]
[White "Carstensen, Jacob"]
[Black "Luch, Michal"]
[Result "1/2-1/2"]
[WhiteElo "2298"]
[BlackElo "2411"]
[PlyCount "28"]
[EventDate "2008.11.01"]
[EventType "team-tourn"]
[EventRounds "9"]
[EventCountry "DEN"]
[WhiteTeam "Bronshoj"]
[BlackTeam "Aalborg"]
[WhiteTeamCountry "DEN"]
[BlackTeamCountry "DEN"]

1. d4 e6 2. c4 d5 3. Nc3 Be7 4. Nf3 Nf6 5. cxd5 exd5 6. Bg5 O-O 7. e3 c6 8. Bd3
Nbd7 9. Qc2 Re8 10. h3 Nf8 11. O-O-O Be6 12. g4 N6d7 13. Bxe7 Qxe7 14. Rhg1 b5
1/2-1/2

[Event "XtraCon-Skakligaen"]
[Site "Denmark"]
[Date "2008.11.01"]
[Round "1.4"]
[White "Meyer, Lars August"]
[Black "Aabling Thomsen, Jakob"]
[Result "1/2-1/2"]
[WhiteElo "2270"]
[BlackElo "2246"]
[PlyCount "24"]
[EventDate "2008.11.01"]
[EventType "team-tourn"]
[EventRounds "9"]
[EventCountry "DEN"]
[WhiteTeam "Aalborg"]
[BlackTeam "Bronshoj"]
[WhiteTeamCountry "DEN"]
[BlackTeamCountry "DEN"]

1. d4 g6 2. c4 Bg7 3. Nf3 d6 4. Nc3 Nf6 5. e4 O-O 6. Be2 Na6 7. h3 e5 8. dxe5
dxe5 9. Be3 Qe7 10. O-O c6 11. Qc2 Nh5 12. Ne1 Nf4 1/2-1/2

[Event "XtraCon-Skakligaen"]
[Site "Denmark"]
[Date "2008.11.01"]
[Round "1.5"]
[White "Palm, Nikolaj"]
[Black "Pedersen, Daniel Vesterbaek"]
[Result "1-0"]
[WhiteElo "2239"]
[BlackElo "2234"]
[PlyCount "79"]
[EventDate "2008.11.01"]
[EventType "team-tourn"]
[EventRounds "9"]
[EventCountry "DEN"]
[WhiteTeam "Bronshoj"]
[BlackTeam "Aalborg"]
[WhiteTeamCountry "DEN"]
[BlackTeamCountry "DEN"]

1. d4 d5 2. Nf3 Nf6 3. Bf4 c5 4. c3 Nc6 5. e3 Qb6 6. Qc1 Bf5 7. Nbd2 h6 8. Be2
e6 9. O-O Be7 10. Ne5 Nxe5 11. Bxe5 O-O 12. a4 Rac8 13. a5 Qc6 14. Qd1 Ne4 15.
Nxe4 Bxe4 16. dxc5 f6 17. Bd6 Bxd6 18. cxd6 Rfd8 19. Qd4 Qc5 20. Rfd1 Rxd6 21.
Rd2 Rdc6 22. Qa4 a6 23. Rad1 R6c7 24. Rd4 Bg6 25. h3 Be8 26. Qa2 Kh8 27. Kh2
Qe7 28. g3 Rc5 29. Qa3 Qc7 30. Ra1 Bb5 31. Bg4 f5 32. Bf3 Qf7 33. Rad1 Qc7 34.
Ra1 Qf7 35. Bg2 e5 36. Rdd1 f4 37. exf4 exf4 38. Qb4 f3 39. Bf1 Bxf1 40. Rxf1
1-0

[Event "XtraCon-Skakligaen"]
[Site "Denmark"]
[Date "2008.11.01"]
[Round "1.6"]
[White "Hjorth, Torben"]
[Black "Ligaard, Morten Lund"]
[Result "1/2-1/2"]
[WhiteElo "2159"]
[BlackElo "2192"]
[PlyCount "20"]
[EventDate "2008.11.01"]
[EventType "team-tourn"]
[EventRounds "9"]
[EventCountry "DEN"]
[WhiteTeam "Aalborg"]
[BlackTeam "Bronshoj"]
[WhiteTeamCountry "DEN"]
[BlackTeamCountry "DEN"]

1. e4 e5 2. Bc4 Nf6 3. d3 c6 4. Nf3 d5 5. Bb3 Bd6 6. Nc3 dxe4 7. dxe4 O-O 8. h3
Na6 9. O-O Nc5 10. Re1 Nxb3 1/2-1/2

[Event "XtraCon-Skakligaen"]
[Site "Denmark"]
[Date "2008.11.01"]
[Round "1.7"]
[White "Petersen, Steen"]
[Black "Nielsen, Jorgen G"]
[Result "1/2-1/2"]
[WhiteElo "2135"]
[BlackElo "2159"]
[PlyCount "22"]
[EventDate "2008.11.01"]
[EventType "team-tourn"]
[EventRounds "9"]
[EventCountry "DEN"]
[WhiteTeam "Bronshoj"]
[BlackTeam "Aalborg"]
[WhiteTeamCountry "DEN"]
[BlackTeamCountry "DEN"]

1. e4 e5 2. Nf3 Nc6 3. d4 exd4 4. Bc4 Bc5 5. c3 Nf6 6. cxd4 Bb4+ 7. Bd2 Bxd2+
8. Nbxd2 d5 9. exd5 Nxd5 10. Qb3 Nce7 11. O-O O-O 1/2-1/2

[Event "XtraCon-Skakligaen"]
[Site "Denmark"]
[Date "2008.11.01"]
[Round "1.8"]
[White "Andersen, Soren"]
[Black "Paaske, Asger"]
[Result "1-0"]
[WhiteElo "2018"]
[BlackElo "2094"]
[PlyCount "74"]
[EventDate "2008.11.01"]
[EventType "team-tourn"]
[EventRounds "9"]
[EventCountry "DEN"]
[WhiteTeam "Aalborg"]
[BlackTeam "Bronshoj"]
[WhiteTeamCountry "DEN"]
[BlackTeamCountry "DEN"]

1. d4 Nf6 2. c4 g6 3. Nc3 d5 4. Nf3 Bg7 5. Qb3 dxc4 6. Qxc4 O-O 7. e4 Nc6 8.
Be2 Nd7 9. Be3 Nb6 10. Qd3 e5 11. d5 Ne7 12. O-O-O Bg4 13. Nd2 Bd7 14. g4 Nbc8
15. h4 h6 16. Nb3 Nd6 17. Nc5 Bc8 18. f4 b6 19. Nb3 f6 20. f5 a5 21. Rdg1 a4
22. Nd2 Ba6 23. Qc2 Bxe2 24. Nxe2 c6 25. dxc6 Nxc6 26. Kb1 Rc8 27. Qxa4 Na5 28.
Rc1 Ndc4 29. Nxc4 Nxc4 30. Qb3 b5 31. Rhd1 Qa5 32. Rd5 Kh8 33. fxg6 Nxe3 34.
Qxe3 Rxc1+ 35. Nxc1 Qa4 36. Qd3 b4 37. Rd7 Rc8 1-0

[Event "XtraCon-Skakligaen"]
[Site "Denmark"]
[Date "2008.11.01"]
[Round "1.1"]
[White "Lund, Silas"]
[Black "Matthiesen, Arne"]
[Result "1/2-1/2"]
[WhiteElo "2425"]
[BlackElo "2349"]
[PlyCount "57"]
[EventDate "2008.11.01"]
[EventType "team-tourn"]
[EventRounds "9"]
[EventCountry "DEN"]
[WhiteTeam "K41"]
[BlackTeam "SK1968"]
[WhiteTeamCountry "DEN"]
[BlackTeamCountry "DEN"]

1. d4 d5 2. c4 e6 3. Nc3 c6 4. Nf3 Nf6 5. Bg5 h6 6. Bxf6 Qxf6 7. e3 Nd7 8. Bd3
dxc4 9. Bxc4 g6 10. O-O Bg7 11. Qc2 O-O 12. Bb3 Qe7 13. Rad1 b6 14. Ne4 Bb7 15.
Nfd2 c5 16. Nc4 cxd4 17. exd4 Nf6 18. Nc3 Nd5 19. Nxd5 Bxd5 20. Ne3 Bxb3 21.
Qxb3 Rad8 22. Qa4 Rd6 23. d5 exd5 24. Nxd5 Qd8 25. Ne3 Bxb2 26. Nc4 Rxd1 27.
Rxd1 Qf6 28. Nxb2 Qxb2 29. Qxa7 1/2-1/2

[Event "XtraCon-Skakligaen"]
[Site "Denmark"]
[Date "2008.11.01"]
[Round "1.2"]
[White "Matthiesen, Martin"]
[Black "Semcesen, Daniel"]
[Result "1-0"]
[WhiteElo "2298"]
[BlackElo "2402"]
[PlyCount "71"]
[EventDate "2008.11.01"]
[EventType "team-tourn"]
[EventRounds "9"]
[EventCountry "DEN"]
[WhiteTeam "SK1968"]
[BlackTeam "K41"]
[WhiteTeamCountry "DEN"]
[BlackTeamCountry "DEN"]

1. d4 d5 2. c4 dxc4 3. Nf3 Nf6 4. e3 Bg4 5. Bxc4 e6 6. h3 Bh5 7. O-O Nbd7 8.
Nc3 c6 9. e4 Be7 10. Qe2 O-O 11. Be3 Bg6 12. Bd3 Bb4 13. e5 Nd5 14. Nxd5 exd5
15. Ng5 Be7 16. h4 h6 17. Bxg6 hxg5 18. Bf5 g6 19. Bh3 gxh4 20. Qg4 Nb6 21. Bh6
Kh7 22. Bxf8 Qxf8 23. f4 f5 24. exf6 Bxf6 25. f5 g5 26. Rae1 Qg7 27. Kh1 Rf8
28. Re6 Nc4 29. Qe2 Qf7 30. Bg4 Kg7 31. b3 Nb6 32. Bh5 Qd7 33. Be8 Qd8 34. Qh5
Nc8 35. Qg6+ Kh8 36. Bf7 1-0

[Event "XtraCon-Skakligaen"]
[Site "Denmark"]
[Date "2008.11.01"]
[Round "1.3"]
[White "Smith, Axel"]
[Black "Sobjerg, Erik"]
[Result "1-0"]
[WhiteElo "2391"]
[BlackElo "2304"]
[PlyCount "65"]
[EventDate "2008.11.01"]
[EventType "team-tourn"]
[EventRounds "9"]
[EventCountry "DEN"]
[WhiteTeam "K41"]
[BlackTeam "SK1968"]
[WhiteTeamCountry "DEN"]
[BlackTeamCountry "DEN"]

1. Nf3 Nc6 2. d4 d5 3. c4 Bg4 4. Nc3 e6 5. cxd5 exd5 6. Qb3 Bxf3 7. exf3 Bb4 8.
Bb5 Qd6 9. O-O Nge7 10. Bxc6+ bxc6 11. Ne2 Ba5 12. Bf4 Qd7 13. Rac1 O-O 14. Rc2
Rfb8 15. Qa4 Bb4 16. Rfc1 Bd6 17. Bd2 Qf5 18. a3 Qd3 19. Bc3 h5 20. Rd2 Qf5 21.
Qc2 Qf6 22. Rd3 h4 23. h3 Rb6 24. b4 Re8 25. Re3 Rbb8 26. Re1 Ng6 27. Rxe8+
Rxe8 28. Bd2 Re6 29. Kf1 Ne7 30. Rc1 Bh2 31. Qd3 Nc8 32. g3 hxg3 33. fxg3 1-0

[Event "XtraCon-Skakligaen"]
[Site "Denmark"]
[Date "2008.11.01"]
[Round "1.4"]
[White "Lindfeldt, Jan Magnus"]
[Black "Greger, Roland Reinhard"]
[Result "0-1"]
[WhiteElo "2249"]
[BlackElo "2385"]
[PlyCount "102"]
[EventDate "2008.11.01"]
[EventType "team-tourn"]
[EventRounds "9"]
[EventCountry "DEN"]
[WhiteTeam "SK1968"]
[BlackTeam "K41"]
[WhiteTeamCountry "DEN"]
[BlackTeamCountry "DEN"]

1. e4 e6 2. d3 c5 3. Nd2 Nc6 4. g3 d6 5. Bg2 g6 6. Ngf3 Bg7 7. O-O Nge7 8. a4
O-O 9. c3 b6 10. Re1 Ba6 11. Nc4 Qc7 12. Qc2 Rad8 13. Bf4 Ne5 14. b3 N7c6 15.
Rad1 Rd7 16. h4 h6 17. Re2 Kh7 18. Rde1 Qd8 19. Bc1 Nxf3+ 20. Bxf3 Qf6 21. Bf4
Bxc4 22. dxc4 Qxc3 23. Qxc3 Bxc3 24. Rd1 Be5 25. Be3 Bd4 26. Bf4 f6 27. Bg2 g5
28. hxg5 hxg5 29. Bc1 Ne5 30. Kf1 g4 31. Ra2 Kg6 32. Ke2 Rh8 33. Rh1 Rxh1 34.
Bxh1 Rh7 35. Bg2 Rh2 36. Kf1 a5 37. Kg1 Rh8 38. Rd2 f5 39. Rd1 Nf3+ 40. Bxf3
gxf3 41. Re1 e5 42. exf5+ Kxf5 43. Be3 Rd8 44. Kf1 Bxe3 45. Rxe3 e4 46. Rc3 d5
47. cxd5 Rxd5 48. Ke1 Ke5 49. Re3 Rd6 50. Rc3 Rh6 51. Rc2 e3 0-1

[Event "XtraCon-Skakligaen"]
[Site "Denmark"]
[Date "2008.11.01"]
[Round "1.5"]
[White "Olesen, Martin"]
[Black "Hansen, Bjarne"]
[Result "1/2-1/2"]
[WhiteElo "2312"]
[BlackElo "2257"]
[PlyCount "129"]
[EventDate "2008.11.01"]
[EventType "team-tourn"]
[EventRounds "9"]
[EventCountry "DEN"]
[WhiteTeam "K41"]
[BlackTeam "SK1968"]
[WhiteTeamCountry "DEN"]
[BlackTeamCountry "DEN"]

1. e4 Nf6 2. d3 e5 3. f4 Nc6 4. Nf3 exf4 5. Bxf4 d5 6. e5 Nh5 7. Bg5 Be7 8.
Bxe7 Qxe7 9. d4 Bg4 10. Nc3 Bxf3 11. Qxf3 Nxd4 12. Qxh5 Nxc2+ 13. Kd2 Nxa1 14.
Bd3 d4 15. Ne4 g6 16. Qg5 Qxg5+ 17. Nxg5 O-O 18. Rxa1 Rae8 19. Nf3 Kg7 20. Rc1
c6 21. Rc4 f6 22. exf6+ Rxf6 23. Rxd4 Re7 24. a4 c5 25. Rd5 b6 26. b3 Rf8 27.
a5 Rf4 28. Bc4 bxa5 29. Rxc5 Rf5 30. Rxf5 gxf5 31. Kc3 Kf6 32. Bd3 f4 33. Kd4
Rg7 34. Ne1 h6 35. Be4 Rc7 36. Nd3 Kg5 37. Nc5 Rc8 38. h3 Kh4 39. Nb7 Rb8 40.
Bd5 Kg3 41. Nd6 h5 42. Ke5 Rb4 43. Nf5+ Kh2 44. Ng7 h4 45. Nf5 f3 46. gxf3 Kxh3
47. f4 a4 48. bxa4 Rxa4 49. Nd4 Rb4 50. f5 Kg3 51. f6 h3 52. Nc6 Rb5 53. f7
Rxd5+ 54. Kxd5 h2 55. f8=Q h1=Q+ 56. Kd6 Qf3 57. Qg7+ Qg4 58. Qxa7 Qg6+ 59. Kd5
Qg8+ 60. Kc5 Qf8+ 61. Kd5 Qf3+ 62. Kd6 Qf6+ 63. Kd7 Qf5+ 64. Ke8 Qg6+ 65. Kd7
1/2-1/2

[Event "XtraCon-Skakligaen"]
[Site "Denmark"]
[Date "2008.11.01"]
[Round "1.6"]
[White "Hansen, Lars"]
[Black "Naes, Flovin Tor"]
[Result "0-1"]
[WhiteElo "2212"]
[BlackElo "2259"]
[PlyCount "52"]
[EventDate "2008.11.01"]
[EventType "team-tourn"]
[EventRounds "9"]
[EventCountry "DEN"]
[WhiteTeam "SK1968"]
[BlackTeam "K41"]
[WhiteTeamCountry "DEN"]
[BlackTeamCountry "DEN"]

1. e4 e5 2. Nc3 Bc5 3. Bc4 d6 4. d3 c6 5. f4 Bxg1 6. Rxg1 Qh4+ 7. Kf1 exf4 8.
Qf3 g5 9. Bd2 Bg4 10. Qf2 Qxf2+ 11. Kxf2 h6 12. h4 Nf6 13. hxg5 hxg5 14. g3 f3
15. Bxg5 Rh2+ 16. Ke3 Nh5 17. Bf4 b5 18. Bb3 b4 19. Nd5 Na6 20. Ba4 Kd7 21. Rh1
Re2+ 22. Kd4 Nc5 23. Rxh5 Bxh5 24. Nf6+ Kc7 25. Nxh5 Nxa4 26. Rf1 Nb6 0-1

[Event "XtraCon-Skakligaen"]
[Site "Denmark"]
[Date "2008.11.01"]
[Round "1.7"]
[White "Clausen, Steen"]
[Black "Riis, Jens"]
[Result "1/2-1/2"]
[WhiteElo "2224"]
[BlackElo "2163"]
[PlyCount "41"]
[EventDate "2008.11.01"]
[EventType "team-tourn"]
[EventRounds "9"]
[EventCountry "DEN"]
[WhiteTeam "K41"]
[BlackTeam "SK1968"]
[WhiteTeamCountry "DEN"]
[BlackTeamCountry "DEN"]

1. d4 Nf6 2. c4 d6 3. g3 Nbd7 4. Bg2 e5 5. Nf3 Be7 6. O-O O-O 7. b3 c6 8. Qc2
Re8 9. e4 Bf8 10. Re1 a6 11. Bb2 Qc7 12. h3 b5 13. c5 Bb7 14. dxe5 Nxe5 15.
Nxe5 dxe5 16. b4 a5 17. a3 axb4 18. axb4 Rxa1 19. Bxa1 Bc8 20. Nd2 Be6 21. Bc3
1/2-1/2

[Event "XtraCon-Skakligaen"]
[Site "Denmark"]
[Date "2008.11.01"]
[Round "1.8"]
[White "Christensen, Thomas"]
[Black "Laursen, Niels Norskov"]
[Result "1-0"]
[WhiteElo "2245"]
[BlackElo "2188"]
[PlyCount "165"]
[EventDate "2008.11.01"]
[EventType "team-tourn"]
[EventRounds "9"]
[EventCountry "DEN"]
[WhiteTeam "SK1968"]
[BlackTeam "K41"]
[WhiteTeamCountry "DEN"]
[BlackTeamCountry "DEN"]

1. d4 Nf6 2. c4 c5 3. d5 e6 4. Nc3 exd5 5. cxd5 d6 6. e4 g6 7. f4 Bg7 8. Bb5+
Nbd7 9. e5 dxe5 10. fxe5 Nh5 11. e6 Qh4+ 12. g3 Nxg3 13. hxg3 Qxh1 14. Be3
Bxc3+ 15. bxc3 a6 16. Bxd7+ Bxd7 17. exd7+ Kxd7 18. Qb3 b5 19. O-O-O Qe4 20.
Bxc5 Rhc8 21. Bd4 Rc4 22. Kb2 Qg2+ 23. Ka1 Re8 24. Qb1 Qxg3 25. Qc2 h5 26. Ne2
Qg2 27. Rd2 Qe4 28. Qd1 Qf3 29. Nc1 Qxd1 30. Rxd1 Kd6 31. Nd3 a5 32. Nb2 Rxd4
33. Rxd4 Re1+ 34. Nd1 h4 35. Kb2 h3 36. Kb3 h2 37. Nf2 h1=Q 38. Nxh1 Rxh1 39.
a4 Rh5 40. axb5 Rxd5 41. Rxd5+ Kxd5 42. Ka4 f5 43. c4+ Kd6 44. Kxa5 f4 45. b6
f3 46. Ka6 f2 47. b7 f1=Q 48. b8=Q+ Kd7 49. Qb5+ Kc7 50. Qc5+ Kd7 51. Qd4+ Kc6
52. Qd5+ Kc7 53. Qb7+ Kd6 54. Qb6+ Kd7 55. Qd4+ Kc6 56. Qe4+ Kc5 57. Qd5+ Kb4
58. Qb5+ Kc3 59. c5 Qf8 60. Qa5+ Kc4 61. Qa4+ Kd5 62. Qb3+ Kc6 63. Qb5+ Kd5 64.
c6+ Ke6 65. Kb7 Qf3 66. Qc4+ Kd6 67. Qd4+ Ke6 68. Qd7+ Ke5 69. Qe7+ Kd5 70. c7
Qb3+ 71. Kc8 Kc6 72. Qe4+ Kd6 73. Qxg6+ Ke7 74. Qg7+ Ke8 75. Qd7+ Kf8 76. Kd8
Qb6 77. Qf5+ Kg8 78. Qg5+ Kf7 79. Qe7+ Kg8 80. Kd7 Qb7 81. Qe6+ Kg7 82. Qc6 Qb2
83. c8=Q 1-0

[Event "XtraCon-Skakligaen"]
[Site "Denmark"]
[Date "2008.11.02"]
[Round "2.1"]
[White "Pedersen, Nicolai Vesterbaek"]
[Black "Mortensen, Erling"]
[Result "1-0"]
[WhiteElo "2443"]
[BlackElo "2455"]
[PlyCount "119"]
[EventDate "2008.11.01"]
[EventType "team-tourn"]
[EventRounds "9"]
[EventCountry "DEN"]
[WhiteTeam "Aalborg"]
[BlackTeam "Helsingor"]
[WhiteTeamCountry "DEN"]
[BlackTeamCountry "DEN"]

1. e4 c5 2. c3 Nf6 3. e5 Nd5 4. d4 cxd4 5. Nf3 e6 6. cxd4 d6 7. Bc4 Nc6 8. O-O
Be7 9. Qe2 O-O 10. Re1 Bd7 11. exd6 Bxd6 12. Nc3 Nxc3 13. bxc3 Qc7 14. Bd3 Ne7
15. c4 Ng6 16. h4 Bc6 17. Ng5 Rae8 18. Qh5 h6 19. Nxe6 Rxe6 20. Rxe6 fxe6 21.
Qxg6 Rf6 22. Qh7+ Kf7 23. h5 Bh2+ 24. Kh1 Rxf2 25. Qg6+ Kf8 26. Ba3+ Bd6 27.
Qg3 Kg8 28. Qxf2 Bxa3 29. Rf1 Qe7 30. Bg6 Kh8 31. c5 Kg8 32. Qf7+ Qxf7 33.
Bxf7+ Kf8 34. Bxe6+ Ke7 35. Bc4 Be8 36. g4 Bb2 37. Rf4 b6 38. cxb6 axb6 39. Kg2
Kd6 40. Kf2 Bd7 41. Ke2 Bc1 42. Re4 Bg5 43. Bf7 Bf6 44. d5 Be5 45. Kf3 Bb5 46.
Re3 Bc4 47. Ra3 Bf6 48. Ke4 Be2 49. Be6 Bd1 50. Ra6 Bc2+ 51. Ke3 Kc5 52. d6
Kxd6 53. Rxb6+ Kc5 54. Rb7 Kc6 55. Rb4 Bd1 56. Bb3 Bg5+ 57. Kf2 Bh4+ 58. Kf1
Bf3 59. Rf4 Bh1 60. Kg1 1-0

[Event "XtraCon-Skakligaen"]
[Site "Denmark"]
[Date "2008.11.02"]
[Round "2.2"]
[White "Nielsen, Nicholas Roland"]
[Black "Pedersen, Erik"]
[Result "0-1"]
[WhiteElo "2146"]
[BlackElo "2417"]
[PlyCount "78"]
[EventDate "2008.11.01"]
[EventType "team-tourn"]
[EventRounds "9"]
[EventCountry "DEN"]
[WhiteTeam "Helsingor"]
[BlackTeam "Aalborg"]
[WhiteTeamCountry "DEN"]
[BlackTeamCountry "DEN"]

1. e4 c5 2. Nf3 a6 3. c4 e6 4. Nc3 d6 5. d4 cxd4 6. Nxd4 Nf6 7. Be3 Be7 8. Be2
O-O 9. O-O Qc7 10. Qd2 b6 11. Rac1 Bb7 12. f3 Nbd7 13. b4 Rac8 14. Nb3 Qb8 15.
a4 Ne5 16. a5 Nxc4 17. Bxc4 Rxc4 18. axb6 Rxb4 19. Na5 Bd8 20. Rb1 Rxb1 21.
Rxb1 Be7 22. Na4 Rc8 23. Rc1 Nd7 24. Rc3 Ne5 25. Qc2 Rxc3 26. Qxc3 Bd8 27. Bd4
Nd7 28. Qb4 Be7 29. e5 Bf8 30. Nxb7 Qxb7 31. exd6 Qc6 32. Nc5 Nxb6 33. Nxa6 Nd5
34. Qa3 Bxd6 35. Bc5 Bxc5+ 36. Nxc5 h6 37. Qa5 Qd6 38. Qa8+ Kh7 39. Ne4 Qb6+
0-1

[Event "XtraCon-Skakligaen"]
[Site "Denmark"]
[Date "2008.11.02"]
[Round "2.3"]
[White "Luch, Michal"]
[Black "Jorgensen, Michael"]
[Result "1/2-1/2"]
[WhiteElo "2411"]
[BlackElo "2186"]
[PlyCount "50"]
[EventDate "2008.11.01"]
[EventType "team-tourn"]
[EventRounds "9"]
[EventCountry "DEN"]
[WhiteTeam "Aalborg"]
[BlackTeam "Helsingor"]
[WhiteTeamCountry "DEN"]
[BlackTeamCountry "DEN"]

1. d4 f5 2. g3 Nf6 3. Bg2 g6 4. c3 Bg7 5. Qb3 Nc6 6. Nd2 e6 7. Ngf3 Qe7 8. O-O
O-O 9. Ne1 Kh8 10. Nd3 d6 11. Nc4 Nd8 12. Qc2 Nf7 13. b3 c6 14. a4 Qc7 15. Ba3
Re8 16. Rad1 Rb8 17. Nd2 e5 18. dxe5 dxe5 19. e4 b6 20. Rfe1 c5 21. f3 fxe4 22.
Nxe4 Nxe4 23. fxe4 Bg4 24. Rd2 Rbd8 25. Nf2 Be6 1/2-1/2

[Event "XtraCon-Skakligaen"]
[Site "Denmark"]
[Date "2008.11.02"]
[Round "2.4"]
[White "Larsen, Ole Bogh"]
[Black "Meyer, Lars August"]
[Result "0-1"]
[WhiteElo "2274"]
[BlackElo "2270"]
[PlyCount "74"]
[EventDate "2008.11.01"]
[EventType "team-tourn"]
[EventRounds "9"]
[EventCountry "DEN"]
[WhiteTeam "Helsingor"]
[BlackTeam "Aalborg"]
[WhiteTeamCountry "DEN"]
[BlackTeamCountry "DEN"]

1. d4 Nf6 2. c4 g6 3. Nc3 Bg7 4. e4 d6 5. Nf3 O-O 6. Be2 e5 7. O-O Nc6 8. d5
Ne7 9. b4 a5 10. bxa5 Rxa5 11. a4 Nd7 12. Ba3 f5 13. Bb4 Ra8 14. Ng5 Nb8 15. c5
Na6 16. Bxa6 Rxa6 17. Nb5 Bf6 18. cxd6 Bxg5 19. Nxc7 Rxd6 20. Bxd6 Qxd6 21. Nb5
Qd8 22. Qb3 Kg7 23. Rad1 fxe4 24. h3 Bd7 25. Qc3 Bxb5 26. axb5 Qd6 27. Rfe1 Rc8
28. Qb2 Rc4 29. Qb3 Rb4 30. Qa3 Nc8 31. Qg3 Bf4 32. Qc3 Nb6 33. Qa3 Nc4 34. Qa7
Rxb5 35. g3 Bd2 36. Rxe4 Qxd5 37. Re2 Qf3 0-1

[Event "XtraCon-Skakligaen"]
[Site "Denmark"]
[Date "2008.11.02"]
[Round "2.5"]
[White "Pedersen, Daniel Vesterbaek"]
[Black "Fagerstrom, Bjorn"]
[Result "1-0"]
[WhiteElo "2234"]
[BlackElo "2132"]
[PlyCount "57"]
[EventDate "2008.11.01"]
[EventType "team-tourn"]
[EventRounds "9"]
[EventCountry "DEN"]
[WhiteTeam "Aalborg"]
[BlackTeam "Helsingor"]
[WhiteTeamCountry "DEN"]
[BlackTeamCountry "DEN"]

1. e4 e5 2. Nf3 Nc6 3. Nc3 Nf6 4. g3 d5 5. exd5 Nxd5 6. Bg2 Nxc3 7. bxc3 Bd6 8.
O-O O-O 9. Re1 f5 10. d3 Qf6 11. Rb1 f4 12. Nd2 fxg3 13. fxg3 Qf2+ 14. Kh1 Bg4
15. Ne4 Bxd1 16. Nxf2 Bxc2 17. Rxb7 Rxf2 18. Bxc6 Raf8 19. Bd5+ Kh8 20. Be3
Rf1+ 21. Rxf1 Rxf1+ 22. Kg2 Bxd3 23. Rxa7 Rf8 24. a4 h6 25. a5 Kh7 26. a6 e4
27. c4 Bf1+ 28. Kg1 g6 29. Rb7 1-0

[Event "XtraCon-Skakligaen"]
[Site "Denmark"]
[Date "2008.11.02"]
[Round "2.6"]
[White "Dalsberg, Sandra de Blecourt"]
[Black "Hjorth, Torben"]
[Result "1/2-1/2"]
[WhiteElo "2056"]
[BlackElo "2159"]
[PlyCount "81"]
[EventDate "2008.11.01"]
[EventType "team-tourn"]
[EventRounds "9"]
[EventCountry "DEN"]
[WhiteTeam "Helsingor"]
[BlackTeam "Aalborg"]
[WhiteTeamCountry "DEN"]
[BlackTeamCountry "DEN"]

1. d4 Nf6 2. c4 c5 3. d5 e5 4. Nc3 d6 5. e4 Be7 6. Bd3 Nbd7 7. Nge2 Nf8 8. f3
Ng6 9. Be3 Bd7 10. Qd2 a6 11. a4 O-O 12. O-O Rb8 13. Ng3 Ne8 14. Nf5 Nc7 15.
Ne2 b5 16. axb5 axb5 17. b3 Bxf5 18. exf5 e4 19. fxg6 exd3 20. gxh7+ Kxh7 21.
Qxd3+ Kg8 22. Ng3 Bf6 23. Ra7 Re8 24. Ne4 Be7 25. Bf4 Bf8 26. Ng5 g6 27. Ne4 f5
28. Nxc5 bxc4 29. bxc4 Nb5 30. Ne6 Rxe6 31. Raa1 Re8 32. cxb5 Qb6+ 33. Kh1 Qxb5
34. Qxb5 Rxb5 35. Rfd1 Rc8 36. Rab1 Rxb1 37. Rxb1 Rc4 38. Be3 Rc3 39. Bg1 Rd3
40. Rb5 Bg7 41. g4 1/2-1/2

[Event "XtraCon-Skakligaen"]
[Site "Denmark"]
[Date "2008.11.02"]
[Round "2.7"]
[White "Nielsen, Jorgen G"]
[Black "Molin, Claus"]
[Result "1-0"]
[WhiteElo "2159"]
[BlackElo "2003"]
[PlyCount "41"]
[EventDate "2008.11.01"]
[EventType "team-tourn"]
[EventRounds "9"]
[EventCountry "DEN"]
[WhiteTeam "Aalborg"]
[BlackTeam "Helsingor"]
[WhiteTeamCountry "DEN"]
[BlackTeamCountry "DEN"]

1. d4 Nf6 2. c4 g6 3. Nc3 Bg7 4. e4 O-O 5. Be3 d6 6. h3 e5 7. d5 Na6 8. Bd3 Nh5
9. Nge2 f5 10. exf5 gxf5 11. g4 f4 12. Bd2 Nc5 13. Bc2 e4 14. Nxe4 Nxe4 15.
Bxe4 Qe7 16. Bf3 Ng3 17. fxg3 fxg3 18. O-O Qh4 19. Kg2 Rxf3 20. Rxf3 Bxg4 21.
Rxg3 1-0

[Event "XtraCon-Skakligaen"]
[Site "Denmark"]
[Date "2008.11.02"]
[Round "2.8"]
[White "Jensen, Ib"]
[Black "Sonderstrup, Bjarne"]
[Result "1/2-1/2"]
[WhiteElo "1938"]
[BlackElo "2059"]
[PlyCount "36"]
[EventDate "2008.11.01"]
[EventType "team-tourn"]
[EventRounds "9"]
[EventCountry "DEN"]
[WhiteTeam "Helsingor"]
[BlackTeam "Aalborg"]
[WhiteTeamCountry "DEN"]
[BlackTeamCountry "DEN"]

1. d4 Nf6 2. Nf3 e6 3. Bf4 Be7 4. Nbd2 Nh5 5. Bg3 d6 6. e3 Nd7 7. Bd3 b6 8. Be4
Rb8 9. c3 Bb7 10. Bd3 g6 11. a4 O-O 12. a5 Bf6 13. a6 Ba8 14. Ne4 Nxg3 15. hxg3
Bxe4 16. Bxe4 d5 17. Bd3 c6 18. e4 Bg7 1/2-1/2